Hệ thống hoá các văn bản pháp luật về thuế giá trị gia tăng đã được sửa đổi bổ sung /
Bewaard in:
| Formaat: | Sách giấy |
|---|---|
| Taal: | Vietnamese |
| Gepubliceerd in: |
H. :
Tài chính,
2002
|
| Tags: |
Voeg label toe
Geen labels, Wees de eerste die dit record labelt!
|
| Thư viện lưu trữ: | Thư viện Trường Đại học Đà Lạt |
|---|
| LEADER | 00687nam a2200265 4500 | ||
|---|---|---|---|
| 001 | DLU030022040 | ||
| 003 | ##DLU | ||
| 005 | ##20021230 | ||
| 008 | ##021230t vn z000 vie d | ||
| 040 | # | # | |a DLU |b vie |
| 041 | # | # | |a vie |
| 044 | # | # | |a vn |
| 082 | # | # | |a 336.271 4 |b Het |
| 245 | # | # | |a Hệ thống hoá các văn bản pháp luật về thuế giá trị gia tăng đã được sửa đổi bổ sung / |
| 260 | # | # | |a H. : |b Tài chính, |c 2002 |
| 300 | # | # | |a 468 tr. ; |c 21 cm |
| 992 | # | # | |a 25000 |
| 994 | # | # | |a DLU |
| 900 | # | # | |a True |
| 911 | # | # | |a Thái Thị Thanh Thủy |
| 925 | # | # | |a G |
| 926 | # | # | |a A |
| 927 | # | # | |a SH |
| 980 | # | # | |a Thư viện Trường Đại học Đà Lạt |